Peristiwa di ats kapal

Bibliographic Details
Format: Book

MARC

LEADER 00000cam a2200000 7i4500
001 0000007270
002 000007821
005 20000330.0
020 |a T000000620 
090 0 0 |a JF   |b BAC 
245 1 0 |a Peristiwa di ats kapal 
999 |a 016891   |b BUKU   |c PINJAMAN   |e PERPUSTAKAAN KOMUNITI PETALING JAYA